Регионална библиотека "Любен Каравелов" - Русе

Ботаника на тропика и субтропика (Запис номер 358560)

MARC детайли
000 -Лидер
Контролно поле с фиксирана дължина 01281nam a2200325 c 4500
003 - Код на организацията, давaща контролен номер
Контролно поле BLK
005 - Дата и час на последна редакция
Контролно поле 20200428175952.0
008 - Елементи от данни с фиксирана дължина
fixed length control field 200311b bul|||||r ||||||| ||bul||
010 ## - Наследен системен номер
LC control number KNG00090608RET
040 ## - Източник на каталожния запис
Идентификатор на билиотеката - собственик на записа BLK
041 ## - Код за език
Код за езика на текст/звукозапис или на отделно заглавие Български
Код за езика КДБФ Български
080 ## - УДК
Текстов определител УДК Обща ботаника
УДК код - определител по УДК 581
УДК определител (075.8)
УДК - код + определител 58(075.8)
100 1# - Редна дума - Автор
Автор Колев, Иван Д.
Авторска отговорност първи автор
R(LIN) 408130
139 ## - Редно поле
Редна дума Колев, Иван Д.
245 10 - Сведения за заглавието
Заглавие Ботаника на тропика и субтропика
Подзаглавни данни Учебник за студентите от ВСИ В. Коларов - Пловдив спец. троп. земеделие
Редно поле (дума) Иван Д. Колев.
250 ## - Област на изданието
Сведения за изданието 2. изд.
257 ## - Страна на издаване
Страна на създаване/издаване България
260 ## - Област на издателските данни
Място на издаване, разпространение и проч. София
Име на издателя, разпространителя и проч. Земиздат
Година на издаване 1985
Печатница Хасково : Ат. Стратиев
300 ## - Физическа характеристика
Страници 336 с.
Илюстрации и др. с ил.
Размери/Мащаб 25 см
380 ## - Жанр
Жанр Естествени науки. Математика
500 ## - Общи забележки
Забележка 1. изд. 1976. - 1 084 тир. - Библиогр. с. 332 ; Азб. показалци.
650 #0 - Допълнително описание по предмет – тема
9 (RLIN) 245174
Основно описание – тема или топоним Ботаника - учебници за ВУЗ
653 ## - Ключова дума – ненормативна
Ключова дума ботаника
852 ## - Местоположение
Форматна сигнатура Цб 139727
Фондова буква Хранилище
856 4# - Електронен адрес и достъп
Електронен формат pdf - файл
Път до файла /url/
856 4# - Електронен адрес и достъп
Електронен формат pdf - файл
Път до файла /url/
999 ## - СИСТЕМНИ КОНТРОЛНИ НОМЕРА
Koha biblionumber 358560
Koha biblioitemnumber 358560
942 ## - АРТИКУЛИ
Вид на библиотечния материал Книги
Скрит в OPAC Не
Периодичен библиозапис Да
944 ## - СЪЗДАВАНЕ И РЕДАКЦИЯ на ЗАПИСА
Създаване/Редакция Създаване
Дата на регистрацията/редакция 2020-04-28
944 ## - СЪЗДАВАНЕ И РЕДАКЦИЯ на ЗАПИСА
Създаване/Редакция Редакция
Дата на регистрацията/редакция 2020-04-28
Служител, извършил регистрацията/редакцията ДГ
999 ## - СИСТЕМНИ КОНТРОЛНИ НОМЕРА
Koha biblioitemnumber 422285
Наличности
Код за отписване Код за изгубен артикул Източник на класификационната схема Код за повреда Коз за рестрикции Код за отдаване Артикулен № Име на библиотеката - собственик Име на библиотеката, в която се намира в момента Статус (Текущо местоположение) Дата на вписване в системата Местоположение - отдел Цена в лева Инвентарен номер Систематично азбучна сигнатура Баркод Цена в евро Служебен тип на артикула
  Не е изгубен Universal Decimal Classification Не е повреден само за читалня ползва се в читалня 765829 Регионална библиотека "Любен Каравелов" Русе Регионална библиотека "Любен Каравелов" Русе Хранилище 2020-04-29 Хранилище 2.11 442982 Цб 139727 120000442982 1.08 Книги
Vip Innovations Ltd, Rousse, Bulgaria 2025